000 00739nam a2200277Ia 4500
001 Para_502
003 CHAP
008 220125s1978 xx 000 0 und d
010 _a199257
040 _cCHAP
090 _aPA FOLLETO 3307
100 _aSifuentes Aguilar, J. Antonio
_9164546
245 _aPlagas del algodonero en México /
_c por J. Antonio Sifuentes Aguilar
260 _as.l. :
_b INIA
300 _a56 p.
410 _aFolleto de divulgación; 67
650 _aAlgodón
_x Plagas
_94046
710 _aINIA
_958414
901 _aPA FOLLETO 3307
902 _aA
905 _a0000001978 a 0000000000 00
910 _a1978
942 _cPARA
942 _cPARA
_d1
999 _c199257
_d199257